[Event "Berliner Sommer"]
[Site "Berlin GER"]
[Date "1992.??.??"]
[Round "?"]
[White "Schroll, Gerhard"]
[Black "Budnikov, Alexandar"]
[Result "0-1"]
[WhiteElo "2435"]
[BlackElo "2540"]
[PlyCount "52"]
[EventDate "1992.08.??"]
[Source "www.chesslib.no"]
[SourceDate "2004.05.04"]

1. d4 Nf6 2. c4 e6 3. Nf3 b6 4. Bf4 Bb7 5. e3 Bb4+ 6. Nfd2 O-O 7. a3 Be7 8. Nc3 d5 9. cxd5 exd5 10. Be2 c5 11. Bf3 Nc6 12. dxc5 bxc5 13. O-O d4 14. Na4 Nd5 15. Bxd5 Qxd5 16. e4 Qe6 17. Rc1 Ba6 18. Re1 c4 19. Bg3 Bb5 20. f4 Na5 21. b4 cxb3 22. Nc5 Qb6 23. Nd3 Ba4 24. Rb1 Nb7 25. Qg4 Rac8 26. f5 Rc2 0-1

[Event "Hradec Kralove"]
[Site "Hradec Kralove"]
[Date "1981.??.??"]
[Round "8"]
[White "Meduna, Eduard"]
[Black "Ambroz, Jan"]
[Result "1-0"]
[WhiteElo "2485"]
[BlackElo "2485"]
[PlyCount "115"]
[EventDate "1981.10.??"]
[Source "ChessBase"]

1. d4 Nf6 2. c4 e6 3. Nf3 b6 4. Bf4 Bb7 5. e3 Be7 6. h3 c5 7. dxc5 bxc5 8. Be2 O-O 9. O-O Nc6 10. Nc3 d5 11. cxd5 exd5 12. Qa4 Qb6 13. Rfd1 Rfd8 14. Qb5 d4 15. exd4 cxd4 16. Qxb6 axb6 17. Nb5 Nd5 18. Bg3 Bf6 19. Nd6 Ba6 20. Bxa6 Rxa6 21. Ne4 Nde7 22. a3 Ra7 23. Rd3 b5 24. Rc1 Rad7 25. b4 Rd5 26. Kf1 Ne5 27. Bxe5 Bxe5 28. Nxe5 Rxe5 29. Nd2 Red5 30. Nb3 h5 31. Rc7 Ng6 32. Rc5 R5d7 33. Rxb5 Nf4 34. Rd2 Ra7 35. Ra5 Rxa5 36. Nxa5 Rc8 37. f3 d3 38. g3 Rc1+ 39. Kf2 Nxh3+ 40. Ke3 Re1+ 41. Kxd3 Ng5 42. Re2 Nxf3 43. Rxe1 Nxe1+ 44. Kc3 Kf8 45. b5 Ke7 46. b6 Kd7 47. a4 Nf3 48. Nc4 Kc6 49. a5 Kb7 50. Nd6+ Ka6 51. b7 Ka7 52. Kc4 Ne5+ 53. Kd5 f6 54. a6 g5 55. Nb5+ Kb8 56. Nd4 Kc7 57. Ne6+ Kb8 58. Nd8 1-0

[Event "Lvov"]
[Site "Lvov"]
[Date "1981.??.??"]
[Round "5"]
[White "Meduna, Eduard"]
[Black "Lerner, Konstantin Z"]
[Result "1-0"]
[WhiteElo "2450"]
[BlackElo "2520"]
[PlyCount "81"]
[EventDate "1981.06.??"]
[Source "ChessBase"]

1. d4 Nf6 2. c4 e6 3. Nf3 b6 4. Bf4 Bb7 5. e3 Be7 6. h3 O-O 7. Nc3 d5 8. cxd5 Nxd5 9. Nxd5 Qxd5 10. a3 c5 11. dxc5 Qxc5 12. Be2 Rd8 13. Qb1 Ba6 14. Bxa6 Qa5+ 15. Kf1 Qxa6+ 16. Kg1 Nd7 17. Kh2 Nc5 18. b4 Nd3 19. Bg3 Bf6 20. Ra2 e5 21. e4 Qc4 22. Rd1 Nf4 23. Rad2 Rxd2 24. Rxd2 Qe6 25. Bxf4 exf4 26. e5 Be7 27. Qe4 Re8 28. Qxf4 h6 29. Qe4 Bf6 30. Rd5 g6 31. g3 Bg7 32. Kg2 Qc6 33. b5 Qa8 34. a4 a6 35. h4 axb5 36. axb5 Bf8 37. Qd3 Bc5 38. h5 g5 39. e6 Rf8 40. exf7+ Kxf7 41. Qh7+ 1-0

[Event "Ch SCG team"]
[Site "?"]
[Date "2005.05.17"]
[Round "3"]
[White "Markus Robert"]
[Black "Maksimovic Branimir"]
[Result "1-0"]
[WhiteElo "2584"]
[BlackElo "2385"]
[PlyCount "124"]
[EventDate "2005.??.??"]
[Source "www.chesslib.no"]
[SourceDate "2004.05.04"]

1. d4 Nf6 2. c4 e6 3. Nf3 b6 4. Bf4 Bb7 5. e3 Bd6 6. Bxd6 cxd6 7. d5 exd5 8. Nc3 dxc4 9. Bxc4 O-O 10. Qxd6 Na6 11. O-O Qc7 12. Qxc7 Nxc7 13. Nd4 Ba6 14. Bxa6 Nxa6 15. Rfd1 Rfd8 16. Rac1 Kf8 17. Kf1 Nc7 18. Ne4 Nfe8 19. Rd3 Ne6 20. Rcd1 Nc5 21. Nxc5 bxc5 22. Nc6 Rdc8 23. Ne5 d6 24. Nc4 Rc6 25. Nxd6 c4 26. Rd4 c3 27. bxc3 Rxc3 28. Ne4 Ra3 29. R1d2 Rc8 30. Ke2 Rc7 31. g4 h6 32. h4 Ke7 33. Ng3 g6 34. Re4+ Kf8 35. g5 hxg5 36. hxg5 Re7 37. Kf3 Ra5 38. Kf4 Nc7 39. Rd8+ Re8 40. Rdxe8+ Nxe8 41. a4 Nc7 42. Kg4 Nd5 43. Rc4 Nb6 44. Rc7 Rxa4+ 45. e4 a5 46. Ra7 Ke8 47. f4 Nd7 48. Ra8+ Ke7 49. f5 Kd6 50. Kf4 Ra1 51. Ra6+ Kc5 52. fxg6 fxg6 53. Rxg6 a4 54. Ra6 Kb5 55. Ra7 Nc5 56. g6 Rd1 57. g7 Rd8 58. Ne2 Kb6 59. Rf7 a3 60. Nc3 Ne6+ 61. Kf5 Nd4+ 62. Kg6 Ne6 1-0

[Event "Biel Open"]
[Site "Biel SUI"]
[Date "1991.??.??"]
[Round "2"]
[White "Yewdokimov, Oleg"]
[Black "Kurajica, Bojan"]
[Result "0-1"]
[WhiteElo "2395"]
[BlackElo "2570"]
[PlyCount "70"]
[EventDate "1991.07.??"]
[Source "www.chesslib.no"]
[SourceDate "2004.05.04"]

1. d4 Nf6 2. c4 e6 3. Nf3 b6 4. Bf4 Bb4+ 5. Nfd2 O-O 6. a3 Bxd2+ 7. Qxd2 Ba6 8. Qc2 d5 9. e3 c5 10. dxc5 bxc5 11. Bd3 Nbd7 12. cxd5 Bxd3 13. Qxd3 Nxd5 14. Bg3 c4 15. Qd4 Qa5+ 16. Nc3 N7b6 17. Rc1 Na4 18. O-O Ndxc3 19. bxc3 Rac8 20. Bd6 Rfd8 21. e4 Nc5 22. Rcd1 Nb7 23. e5 Nxd6 24. exd6 Rd7 25. Rd2 Qxa3 26. Rfd1 h6 27. f4 Rc6 28. Qe5 Rc5 29. Qe4 Rc8 30. Qe5 a5 31. f5 Rc5 32. Qe4 Rxf5 33. Rd4 Qc5 34. Qa8+ Kh7 35. Qb8 e5 0-1

[Event "Capablanca mem Premier I"]
[Site "Havana"]
[Date "2002.05.06"]
[Round "10"]
[White "Gretarsson, Helgi Ass"]
[Black "Vassallo, Mauricio"]
[Result "1-0"]
[WhiteElo "2521"]
[BlackElo "2438"]
[PlyCount "79"]
[EventDate "2002.05.06"]
[Source "ChessBase"]
[SourceDate "2002.07.08"]

1. d4 Nf6 2. c4 e6 3. Nf3 b6 4. Bf4 Bb7 5. e3 d6 6. Nc3 h6 7. h3 g6 8. Bd3 Bg7 9. e4 Nbd7 10. Be3 O-O 11. Qd2 Kh7 12. g4 d5 13. cxd5 exd5 14. e5 Ne4 15. Qc2 Nxc3 16. bxc3 c5 17. Rd1 Qe7 18. O-O c4 19. Be2 Kh8 20. Ne1 Rg8 21. Ng2 Raf8 22. Bc1 Bc6 23. f4 f5 24. Bf3 Qe6 25. Ne3 b5 26. gxf5 gxf5 27. Kh2 Nb6 28. Ba3 b4 29. Bxb4 Ba4 30. Qf2 Bxd1 31. Bxf8 Bxf3 32. Bxg7+ Rxg7 33. Qxf3 Qg6 34. Qf2 Na4 35. Nxd5 Qc6 36. Qf3 Qg6 37. Nf6 Nb6 38. d5 h5 39. Qxh5+ Qxh5 40. Nxh5 1-0

[Event "Tch (Men) 2005/2006 CZE"]
[Site "?"]
[Date "2005.12.04"]
[Round "6"]
[White "Meduna Eduard"]
[Black "Markos Jan"]
[Result "0-1"]
[WhiteElo "2460"]
[BlackElo "2495"]
[PlyCount "70"]
[EventDate "2005.??.??"]
[Source "www.chesslib.no"]
[SourceDate "2004.05.04"]

1. d4 Nf6 2. c4 e6 3. Nf3 b6 4. Bf4 Bb7 5. e3 Nc6 6. Nc3 Bb4 7. Qc2 Ne7 8. Bd3 Ng6 9. Bg3 O-O 10. O-O Bxc3 11. bxc3 Nh5 12. e4 Nhf4 13. Ne5 Nxe5 14. Bxf4 Nxd3 15. Qxd3 f5 16. f3 d6 17. exf5 Rxf5 18. Bg3 Qf6 19. Rae1 Rf8 20. Re3 h5 21. Qe2 h4 22. Be1 e5 23. d5 h3 24. g4 Qg6 25. Bg3 R5f6 26. Re4 c6 27. dxc6 Bxc6 28. Re3 Qf7 29. Qd3 Bxf3 30. g5 Rf5 31. g6 Qf6 32. Rf2 Kh8 33. Rexf3 Rxf3 34. Qf1 Rxg3+ 35. hxg3 Qxf2+ 0-1

[Event "Open A"]
[Site "?"]
[Date "2005.07.28"]
[Round "7"]
[White "Lysyj Igor"]
[Black "Arutinian David"]
[Result "1/2-1/2"]
[WhiteElo "2506"]
[BlackElo "2446"]
[PlyCount "69"]
[EventDate "2005.??.??"]
[Source "www.chesslib.no"]
[SourceDate "2004.05.04"]

1. d4 Nf6 2. c4 e6 3. Nf3 b6 4. Bf4 Bb7 5. e3 c5 6. dxc5 Bxc5 7. Nc3 O-O 8. Bd6 Bxd6 9. Qxd6 Na6 10. Be2 Nc5 11. Rd1 Qb8 12. O-O Rd8 13. Ne5 Qxd6 14. Rxd6 Ne8 15. Rd2 d6 16. Rfd1 Rdc8 17. Nf3 a6 18. Rd4 h6 19. Ne1 Rab8 20. f3 Kf8 21. e4 Rc7 22. Nc2 Ke7 23. Kf2 Rbc8 24. R4d2 Nd7 25. Ne3 Nc5 26. Bf1 Bc6 27. g3 Na4 28. Nxa4 Bxa4 29. b3 Bd7 30. Ng4 Bc6 31. e5 Rd8 32. f4 Bb7 33. Be2 Rcd7 34. Ke3 a5 35. h4 1/2-1/2

[Event "Moscow"]
[Site "Moscow"]
[Date "1982.??.??"]
[Round "?"]
[White "Meduna, Eduard"]
[Black "Unzicker, Wolfgang"]
[Result "1/2-1/2"]
[WhiteElo "2490"]
[BlackElo "2455"]
[PlyCount "66"]
[EventDate "1982.05.??"]
[Source "ChessBase"]

1. d4 Nf6 2. c4 e6 3. Nf3 b6 4. Bf4 Bb7 5. e3 Bb4+ 6. Nfd2 O-O 7. a3 Be7 8. Nc3 d5 9. cxd5 Nxd5 10. Nxd5 Bxd5 11. Qc2 Bd6 12. Bxd6 cxd6 13. Bd3 g6 14. O-O Nd7 15. Rac1 Rc8 16. Qa4 Rc7 17. Rc2 Rxc2 18. Qxc2 Bb7 19. Be4 d5 20. Bd3 Qb8 21. Qa4 Nf6 22. Nf3 Rc8 23. Ne5 Qc7 24. h3 Ne8 25. f4 Nd6 26. Qb4 Qd8 27. Qe1 Ne4 28. Kh2 f6 29. Nf3 Bc6 30. Qb4 Qd6 31. Ba6 Rc7 32. Rc1 Qd8 33. Nd2 Nd6 1/2-1/2

[Event "10. Hohenloher Open 2003"]
[Site "Forchtenberg"]
[Date "2003.06.21"]
[Round "5"]
[White "Teske, Henrik"]
[Black "Ksieski, Zbigniew"]
[Result "1/2-1/2"]
[WhiteElo "2524"]
[BlackElo "2403"]
[PlyCount "55"]
[EventDate "2003.06.19"]
[Source "Roberto Alvarez"]
[SourceDate "2003.07.14"]

1. d4 Nf6 2. c4 e6 3. Nf3 b6 4. Bf4 Bb7 5. e3 Be7 6. Nc3 Nh5 7. Bg3 d6 8. Be2 Nd7 9. O-O Nxg3 10. hxg3 O-O 11. Nd2 c5 12. Bf3 Bxf3 13. Nxf3 cxd4 14. Nxd4 Qc7 15. b3 a6 16. Rc1 Rac8 17. Qe2 Rfe8 18. Rfd1 Nf6 19. Qf3 Bf8 20. g4 h6 21. g3 Nh7 22. Qe2 Nf6 23. Qf3 Nh7 24. e4 Be7 25. Kg2 Red8 26. Rd3 Nf8 27. Qe2 Qb7 28. Rcd1 1/2-1/2

[Event "Cullera op 23rd"]
[Site "Valencia"]
[Date "2002.07.24"]
[Round "7.5"]
[White "Camarena Gimenez, Rufino"]
[Black "Comp Goliath Blitz"]
[Result "0-1"]
[WhiteElo "2375"]
[BlackElo "2550"]
[PlyCount "36"]
[EventDate "2002.07.18"]
[Source "ChessBase"]
[SourceDate "2002.09.11"]

1. d4 Nf6 2. c4 e6 3. Nf3 b6 4. Bf4 Bb7 5. e3 c5 6. dxc5 Bxc5 7. Nc3 Bb4 8. Qb3 Na6 9. a3 Nc5 10. Qc2 Be4 11. Qd1 Bxc3+ 12. bxc3 Bc6 13. a4 Nfe4 14. Nd4 Qf6 15. Qc2 e5 16. Nxc6 exf4 17. Nd4 fxe3 18. fxe3 Qg5 0-1

[Event "Masters"]
[Site "Abu Dhabi"]
[Date "2004.08.17"]
[Round "4"]
[White "Gozzoli, Yannick"]
[Black "Bakre, Tejas"]
[Result "1/2-1/2"]
[WhiteElo "2429"]
[BlackElo "2492"]
[PlyCount "35"]
[EventDate "2004.08.14"]
[Source "Roberto Alvarez"]
[SourceDate "2004.08.30"]

1. d4 Nf6 2. c4 e6 3. Nf3 b6 4. Bf4 Bb7 5. e3 Bb4+ 6. Nfd2 O-O 7. a3 Be7 8. Nc3 d5 9. cxd5 Nxd5 10. Nxd5 Bxd5 11. Bc4 c5 12. dxc5 Bxc5 13. O-O Bb7 14. Nb3 Be7 15. Qe2 Nc6 16. Rfd1 Qe8 17. Rac1 Rd8 18. Ba6 1/2-1/2

[Event "Seefeld op"]
[Site "Seefeld"]
[Date "1997.??.??"]
[Round "?"]
[White "Dittmar, Peter"]
[Black "Dautov, Rustem"]
[Result "1/2-1/2"]
[WhiteElo "2325"]
[BlackElo "2595"]
[PlyCount "59"]
[EventDate "1997.??.??"]
[Source "www.chesslib.no"]
[SourceDate "2004.05.04"]

1. d4 Nf6 2. c4 e6 3. Nf3 b6 4. Bf4 Bb7 5. e3 Be7 6. h3 c5 7. dxc5 bxc5 8. Be2 O-O 9. O-O Qb6 10. Nc3 d6 11. Qc2 Rd8 12. Rfd1 Nbd7 13. Nd2 Nf8 14. Bf3 Ng6 15. Bg3 Rab8 16. Rab1 Bxf3 17. Nxf3 Qa6 18. Nb5 Rd7 19. Rd3 Qc6 20. Nc3 Ne4 21. Nxe4 Qxe4 22. Nd2 Qc6 23. Rd1 Bf6 24. b3 Ne7 25. Nf3 Rbd8 26. Qd2 Nf5 27. Be5 Be7 28. Bc3 f6 29. Qe2 Nh6 30. e4 1/2-1/2

[Event "Moscow"]
[Site "Moscow"]
[Date "1982.??.??"]
[Round "?"]
[White "Meduna, Eduard"]
[Black "Szekely, Peter"]
[Result "1/2-1/2"]
[WhiteElo "2490"]
[BlackElo "2430"]
[PlyCount "26"]
[EventDate "1982.05.??"]
[Source "ChessBase"]

1. d4 Nf6 2. c4 e6 3. Nf3 b6 4. Bf4 Bb7 5. e3 Be7 6. h3 O-O 7. Nc3 d5 8. Be2 dxc4 9. Bxc4 a6 10. O-O b5 11. Be2 Nbd7 12. Rc1 c5 13. dxc5 Nxc5 1/2-1/2

[Event "URS Team Ch"]
[Site "Podolsk RUS"]
[Date "1990.??.??"]
[Round "?"]
[White "Akopian, Vladimir E"]
[Black "Poluljahov, Aleksandr"]
[Result "1-0"]
[WhiteElo "2550"]
[BlackElo "2370"]
[PlyCount "89"]
[EventDate "1990.??.??"]
[Source "www.chesslib.no"]
[SourceDate "2004.05.04"]

1. d4 Nf6 2. c4 e6 3. Nf3 b6 4. Bf4 Bb7 5. e3 Be7 6. h3 c5 7. dxc5 bxc5 8. Nc3 O-O 9. Be2 Qb6 10. Qc2 d6 11. O-O Nbd7 12. Rad1 Rfd8 13. Rd2 h6 14. Rfd1 Ne8 15. e4 Bc6 16. b3 e5 17. Be3 Nc7 18. Rb1 Ne6 19. b4 Nd4 20. Qd1 Qc7 21. a3 Rab8 22. Rdb2 Ba8 23. Bd3 Rdc8 24. Nd2 Qd8 25. Nd5 Nb6 26. Rc1 Bg5 27. Kh2 g6 28. g3 Bxd5 29. cxd5 cxb4 30. Rxb4 Rxc1 31. Qxc1 Rc8 32. Qb2 Bxe3 33. fxe3 Qg5 34. exd4 Qe3 35. Ba6 Qf2+ 36. Kh1 Rc7 37. Bf1 Qxg3 38. dxe5 dxe5 39. Rb3 Qf4 40. Rf3 Qg5 41. Rc3 Rd7 42. Bg2 Kh7 43. Nf3 Qf4 44. Qc1 Qf6 45. Rc6 1-0

[Event "Linares Open"]
[Site "Linares ESP"]
[Date "1994.??.??"]
[Round "8"]
[White "Rodriguez, Orestes"]
[Black "Rodriguez Cespedes, Amador"]
[Result "0-1"]
[WhiteElo "2440"]
[BlackElo "2470"]
[PlyCount "46"]
[EventDate "1994.01.??"]
[Source "www.chesslib.no"]
[SourceDate "2004.05.04"]

1. d4 Nf6 2. c4 e6 3. Nf3 b6 4. Bf4 Bb4+ 5. Nfd2 Bb7 6. a3 Be7 7. Nc3 c5 8. dxc5 bxc5 9. e4 d6 10. b4 Nbd7 11. Be2 O-O 12. O-O cxb4 13. axb4 d5 14. Qb1 e5 15. Bg5 Nxe4 16. Ndxe4 dxe4 17. Be3 a6 18. Rd1 Qc7 19. c5 Nf6 20. Rd2 a5 21. Rxa5 Rxa5 22. bxa5 Bxc5 23. Nb5 Qxa5 0-1

[Event "Tirnavia"]
[Site "Trnava"]
[Date "1984.??.??"]
[Round "11"]
[White "Meduna, Eduard"]
[Black "Mokry, Karel"]
[Result "1/2-1/2"]
[WhiteElo "2475"]
[BlackElo "2435"]
[PlyCount "63"]
[EventDate "1984.03.??"]
[Source "ChessBase"]

1. d4 Nf6 2. c4 e6 3. Nf3 b6 4. Bf4 Bb7 5. e3 Be7 6. h3 c5 7. dxc5 bxc5 8. Be2 O-O 9. O-O Nc6 10. Nc3 d6 11. Qc2 Qb6 12. Rfd1 Rfd8 13. Nd2 Rac8 14. Qb3 Qb4 15. Qc2 Qb6 16. a3 Ba8 17. Bf3 Nd7 18. Bg3 Nde5 19. Be2 Qb7 20. Bf1 f5 21. Rab1 Bf6 22. f4 Nf7 23. Nf3 Qe7 24. Ne2 Rb8 25. Be1 g5 26. Bc3 gxf4 27. exf4 Bxc3 28. Qxc3 e5 29. Re1 Qf6 30. fxe5 dxe5 31. Qe3 e4 32. Nh2 1/2-1/2

[Event "Budapest"]
[Site "Budapest"]
[Date "1988.??.??"]
[Round "?"]
[White "Mohr, Stefan"]
[Black "Barbero, Gerardo F"]
[Result "1-0"]
[WhiteElo "2400"]
[BlackElo "2505"]
[PlyCount "101"]
[EventDate "1988.05.??"]
[Source "ChessBase"]

1. d4 Nf6 2. c4 e6 3. Nf3 b6 4. Bf4 Bb7 5. e3 Bb4+ 6. Nfd2 O-O 7. a3 Be7 8. Nc3 c5 9. d5 d6 10. e4 Nbd7 11. Be2 e5 12. Be3 Ne8 13. O-O Bg5 14. Bxg5 Qxg5 15. Bg4 Ndf6 16. Bh3 Nh5 17. g3 g6 18. Ne2 Neg7 19. Nf3 Qe7 20. Nh4 Bc8 21. Bxc8 Raxc8 22. Qd2 Rce8 23. b4 Rc8 24. b5 Nf6 25. Nc3 Nd7 26. a4 f5 27. f3 f4 28. Ng2 fxg3 29. hxg3 Nh5 30. Ne2 a5 31. bxa6 Ra8 32. a5 Rxa6 33. axb6 Rxb6 34. Ra7 Rf7 35. g4 Ng7 36. Qe3 Qf8 37. f4 exf4 38. Ngxf4 Rb8 39. Ng3 Qe7 40. Nd3 Rxf1+ 41. Nxf1 Re8 42. Ng3 Qf7 43. e5 Re7 44. e6 Nxe6 45. Rxd7 Rxd7 46. dxe6 Qe7 47. Nf4 Rd8 48. Nd5 Qh4 49. e7 Re8 50. Kg2 Kf7 51. Qf2+ 1-0

[Event "Open"]
[Site "?"]
[Date "1996.??.??"]
[Round "?"]
[White "Goormachtigh Johan"]
[Black "Gurevich Mikhail"]
[Result "0-1"]
[WhiteElo "2305"]
[BlackElo "2590"]
[PlyCount "116"]
[EventDate "1996.??.??"]
[Source "www.chesslib.no"]
[SourceDate "2004.05.04"]

1. d4 Nf6 2. c4 e6 3. Nf3 b6 4. Bf4 Bb7 5. e3 Bb4+ 6. Nbd2 O-O 7. Bd3 d5 8. O-O Nbd7 9. Rc1 c5 10. cxd5 Nxd5 11. Bd6 Re8 12. Ne4 f5 13. Nc3 cxd4 14. Bxb4 Nxb4 15. exd4 Bxf3 16. Qxf3 Ne5 17. dxe5 Nxd3 18. Rcd1 Nxe5 19. Qe2 Qf6 20. Rfe1 Ng6 21. Rd7 Nf8 22. Rb7 Reb8 23. Qa6 Rxb7 24. Qxb7 Qd8 25. Rd1 Qc8 26. Qe7 Qc6 27. a4 a6 28. Rd3 b5 29. a5 Rc8 30. g3 Qc4 31. Qd6 Rc6 32. Qd8 b4 33. Ne2 Kf7 34. Kg2 Qe4+ 35. Kf1 Rc2 36. Rd2 b3 37. Rxc2 bxc2 38. Qd2 Qh1+ 39. Ng1 Qc6 40. Ne2 Nd7 41. Qc3 Qxc3 42. bxc3 Nc5 43. Nc1 Nb7 44. Ke2 Nxa5 45. Kd3 Ke7 46. Kxc2 Kd6 47. f4 Kd5 48. Kd3 Nc4 49. Nb3 a5 50. Nd4 e5 51. Nxf5 e4+ 52. Kc2 a4 53. Nd4 a3 54. Kb3 e3 55. g4 Ke4 56. f5 Kf4 57. h3 h6 58. Ka2 Kg3 0-1